000 02485nam a22003617a 4500
005 20120305112958.0
010 _aENG-104858 B-460889-893
020 _a9788189738921
_c2495.00
035 _aEN-88391 B-460889-893
037 _bDBAD/PUB
037 _bVirtuous Pub/Ven
082 _a759.9439
100 _aBrunner, Elizabeth
_d1910-2001
_949205
245 _aElizabeth Brunner :
_cedied by Imre Lázár ; foreworded by Kapila Vatsyayan
_bher life, her words /
260 _aNew Delhi
_bIndira Gandhi National Centre for the Arts
_bNiyogi Books
_c2011
270 _aD-78, Okhla Industrial Area, Phase-I
_bNew Delhi
_e110020
300 _a357p. :
_c29cm(Hb)
_bill. (chiefly col.)
500 _a"Published ... in cooperation with the Hungarian Information and Cultural Centre, New Delhi on the occasion of the birth centenary of Elizabeth Brunner"--T.p. verso.
500 _a"Bibliography of the Brunner family" (p. 325-350) and index.
520 _aAutobiography of an Hungerian artist.
600 _aBrunner, Elizabeth
_d1910-2001
_949206
650 _aWomen painters
_zHungary
_v Biography.
_949207
700 _aLazar, Imre
_943393
710 _aIndira Gandhi National Centre for the Arts.
_943394
942 _2ddc
_cEN
_h759.9439
_mBRU
999 _c63741
_d63741